[Event "Smith & Williamson FIDE Rated"]
[Site "Witley"]
[Date "2001.07.16"]
[Round "2.6"]
[White "Ekeberg, Carl Fredrik"]
[Black "Payne, Robert"]
[Result "1/2-1/2"]
[WhiteElo "2117"]
[BlackElo "1688"]
[PlyCount "100"]
[EventDate "2001.07.16"]
[EventType "swiss"]
[EventRounds "11"]
[EventCountry "ENG"]
[SourceTitle "BritBase"]
[Source "John Saunders"]
[SourceDate "2025.09.16"]
[SourceVersion "1"]
[SourceVersionDate "2025.09.16"]
[SourceQuality "1"]

1. d4 Nf6 2. c4 c5 3. d5 b5 4. cxb5 a6 5. f3 d6 6. e4 g6 7. a4 Bg7 8. Na3 O-O 9. Ne2 Nbd7 10. Nc3 Bb7 11. Be2 Ne8 12. Be3 Nc7 13. O-O axb5 14. Naxb5 Ba6 15. Qd2 Nb6 16. Bh6 Bxb5 17. axb5 Qd7 18. Bxg7 Kxg7 19. b3 Rfb8 20. Qb2 Kg8 21. Rxa8 Rxa8 22. Ra1 Qc8 23. Ra3 Qb7 24. Qa1 Rxa3 25. Qxa3 Qa8 26. Qxa8+ Ncxa8 27. Kf2 Kf8 28. Ke3 Ke8 29. g4 Kd7 30. Na2 Kc7 31. b4 Nd7 32. bxc5 Nxc5 33. Nb4 e6 34. f4 Kb6 35. e5 dxe5 36. fxe5 Nc7 37. dxe6 fxe6 38. Na6 N7xa6 39. bxa6 Nxa6 40. h4 Nc7 41. Kf4 h6 42. Ke4 g5 43. hxg5 hxg5 44. Bc4 Kc5 45. Bb3 Kc6 46. Ba4+ Kc5 47. Bd7 Kc4 48. Bc8 Kc5 49. Bd7 Kc4 50. Bc8 Kc5 1/2-1/2

[Event "Smith & Williamson FIDE Rated"]
[Site "Witley"]
[Date "2001.07.16"]
[Round "2.8"]
[White "Williams, Samuel G"]
[Black "Rattray, Ross"]
[Result "0-1"]
[WhiteElo "1696"]
[BlackElo "2076"]
[PlyCount "108"]
[EventDate "2001.07.16"]
[EventType "swiss"]
[EventRounds "11"]
[EventCountry "ENG"]
[SourceTitle "BritBase"]
[Source "John Saunders"]
[SourceDate "2025.09.16"]
[SourceVersion "1"]
[SourceVersionDate "2025.09.16"]
[SourceQuality "1"]

1. e4 c5 2. Nc3 Nc6 3. f4 e6 4. Nf3 d5 5. Bb5 a6 6. Bxc6+ bxc6 7. O-O Qc7 8. d3 Bd6 9. e5 Be7 10. b3 Nh6 11. Na4 Qa7 12. c4 Nf5 13. Qe1 Nd4 14. Nxd4 cxd4 15. Bd2 a5 16. Rc1 dxc4 17. bxc4 c5 18. Rb1 Bd8 19. Qc1 Bd7 {(=)} 20. Qa3 O-O 21. Rb2 Bxa4 22. Qxa4 Bc7 23. Rfb1 Rfb8 24. Rb5 h6 25. Qd1 Rxb5 26. Rxb5 Rb8 27. Qb1 Rb6 28. Bc1 Qb7 29. Ba3 Qc6 30. Rxb6 Bxb6 31. Qb5 Qxb5 32. cxb5 Kf8 33. Bc1 a4 34. g4 Ke7 35. Kf2 Kd7 36. Kf3 Bd8 37. Ba3 Be7 38. h4 {(=)} Kc7 39. h5 Kb6 40. f5 Kxb5 41. Ke4 Bg5 42. f6 gxf6 43. exf6 Bxf6 44. Bc1 Bg7 45. a3 c4 46. dxc4+ Kxc4 47. Bd2 Kb3 48. g5 hxg5 49. Bxg5 Kc2 50. h6 Bh8 51. Be7 d3 52. Bf8 d2 53. Bg7 d1=Q 54. Bxh8 Qh1+ 0-1

[Event "Smith & Williamson FIDE Rated"]
[Site "Witley"]
[Date "2001.07.16"]
[Round "2.10"]
[White "Nixon, Thomas"]
[Black "Coupe, Marcus"]
[Result "1-0"]
[WhiteElo "2137"]
[BlackElo "1656"]
[PlyCount "71"]
[EventDate "2001.07.16"]
[EventType "swiss"]
[EventRounds "11"]
[EventCountry "ENG"]
[SourceTitle "BritBase"]
[Source "John Saunders"]
[SourceDate "2025.09.16"]
[SourceVersion "1"]
[SourceVersionDate "2025.09.16"]
[SourceQuality "1"]

1. d4 Nf6 2. c4 d6 3. Nc3 Nbd7 4. e4 e5 5. Be3 Be7 6. g3 O-O 7. h3 b6 8. Bg2 Bb7 9. Nge2 Rb8 10. Qc2 Ne8 11. f4 g6 12. O-O-O Qc8 13. g4 Ng7 14. Rhf1 f5 15. gxf5 gxf5 16. Rg1 Kh8 17. fxe5 dxe5 18. Bh6 Rf7 19. Rdf1 exd4 20. Nxd4 Bc5 21. Nce2 Ne5 22. exf5 Nxf5 23. Nxf5 Bxg1 24. Bxb7 Rxb7 25. Nxg1 Ng6 26. Ne2 c5 27. Bd2 h5 28. Neg3 Qe6 29. Re1 Qd7 30. Nh6 Nf4 31. Nxf7+ Qxf7 32. Qc3+ Kh7 33. Ne4 Re7 34. Ng5+ Kg6 35. Nxf7 Rxe1+ 36. Kc2 1-0

[Event "Smith & Williamson FIDE Rated"]
[Site "Witley"]
[Date "2001.07.16"]
[Round "2.11"]
[White "Mooring, Ross"]
[Black "Winkworth, Julian"]
[Result "0-1"]
[WhiteElo "2053"]
[BlackElo "1904"]
[PlyCount "92"]
[EventDate "2001.07.16"]
[EventType "swiss"]
[EventRounds "11"]
[EventCountry "ENG"]
[SourceTitle "BritBase"]
[Source "John Saunders"]
[SourceDate "2025.09.16"]
[SourceVersion "1"]
[SourceVersionDate "2025.09.16"]
[SourceQuality "1"]

1. e4 c6 2. d3 d5 3. Nd2 e5 4. Ngf3 Bg4 5. Be2 Bxf3 6. Nxf3 dxe4 7. dxe4 Qxd1+ 8. Bxd1 Nd7 9. O-O Ngf6 10. Re1 Be7 11. Bg5 O-O 12. c3 Rfe8 13. Bb3 h6 14. Bh4 Bd6 15. Rad1 Bc7 16. Bc2 g5 17. Bg3 Nf8 18. Nd4 Ng6 19. Nf5 Kh7 20. Bb3 Rf8 21. f3 a5 22. a3 Nf4 23. Nd6 Bxd6 24. Rxd6 Kg7 25. Bf2 Rfe8 26. Red1 a4 27. Ba2 Rac8 28. Bb6 Ra8 29. Bd8 Ne6 30. Bxe6 fxe6 31. Kf2 Rb8 32. Ke3 Kf7 33. R6d3 Rc8 34. c4 Rg8 35. g4 Rh8 36. c5 h5 {(=)} 37. h3 hxg4 38. hxg4 Rh3 39. Bxf6 Kxf6 40. Rd7 Rb8 41. Rc7 Rh2 42. Rdd7 Rxb2 43. Rf7+ Kg6 44. Rg7+ Kh6 45. Rge7 Rg8 46. Rxe6+ Rg6 {and later 0-1} 0-1

[Event "Smith & Williamson FIDE Rated"]
[Site "Witley"]
[Date "2001.07.16"]
[Round "2.12"]
[White "Purton, Ben"]
[Black "Hughes, Andrew"]
[Result "0-1"]
[WhiteElo "1632"]
[BlackElo "2046"]
[PlyCount "90"]
[EventDate "2001.07.16"]
[EventType "swiss"]
[EventRounds "11"]
[EventCountry "ENG"]
[SourceTitle "BritBase"]
[Source "John Saunders"]
[SourceDate "2025.09.16"]
[SourceVersion "1"]
[SourceVersionDate "2025.09.16"]
[SourceQuality "1"]

1. e4 c5 2. Nf3 e6 3. d4 cxd4 4. Nxd4 Nf6 5. Nc3 Nc6 6. Nb3 Bb4 7. Bd3 d5 8. exd5 Nxd5 9. Bd2 Nxc3 10. bxc3 Be7 11. O-O Bf6 12. Rb1 O-O 13. Qe2 Qc7 14. Nd4 a6 15. Qe4 g6 16. Nxc6 {(=)} bxc6 17. Rb3 Bd7 18. Rfb1 Be5 19. Rb7 Qd6 20. h3 f5 21. Qb4 c5 22. Qb3 Rfc8 23. c4 Bc6 24. Rb6 Qd7 25. Qa3 Bc7 26. R6b2 Qd6 27. g3 e5 28. Ba5 Bxa5 29. Qxa5 e4 30. Bf1 e3 31. Qe1 exf2+ 32. Qxf2 Be4 33. Be2 Qe5 34. Bd3 Rf8 35. Rb3 {(=)} Rae8 36. Re1 Qc7 37. Qf4 Qa5 38. Ra1 Bc6 39. Qf2 Re5 40. Rbb1 Rfe8 41. Kf1 Re3 42. Kg1 Rf3 43. Qh2 Qc7 44. g4 Rg3+ 45. Kf1 Qf4+ 0-1

[Event "Smith & Williamson FIDE Rated"]
[Site "Witley"]
[Date "2001.07.16"]
[Round "2.13"]
[White "Kahar, Krunal"]
[Black "Goodwin, Lydia"]
[Result "1-0"]
[WhiteElo "2172"]
[BlackElo "1768"]
[PlyCount "57"]
[EventDate "2001.07.16"]
[EventType "swiss"]
[EventRounds "11"]
[EventCountry "ENG"]
[SourceTitle "BritBase"]
[Source "John Saunders"]
[SourceDate "2025.09.16"]
[SourceVersion "1"]
[SourceVersionDate "2025.09.16"]
[SourceQuality "1"]

1. d4 Nf6 2. Bg5 Ne4 3. Be3 g6 4. f3 Nf6 5. Nd2 Bg7 6. Bf2 d6 7. e4 e5 8. c3 Nc6 9. Bb5 O-O 10. Ne2 Bd7 11. O-O a6 12. Bc4 Kh8 13. dxe5 dxe5 14. Nb3 b6 15. a4 Ne7 16. a5 b5 17. Bd3 Nh5 18. Nc5 f5 19. Qb3 Qc8 20. Rad1 Nf4 21. Nxf4 exf4 22. Bb1 Be8 23. Qa3 Bf7 24. Ba2 Bxa2 25. Qxa2 fxe4 26. Nxe4 Nf5 27. Rfe1 Rd8 28. Ng5 Nd6 29. Rxd6 1-0

[Event "Smith & Williamson FIDE Rated"]
[Site "Witley"]
[Date "2001.07.16"]
[Round "2.14"]
[White "Bennet, William"]
[Black "Timms, Nicholas D"]
[Result "1/2-1/2"]
[WhiteElo "1800"]
[BlackElo "2102"]
[PlyCount "58"]
[EventDate "2001.07.16"]
[EventType "swiss"]
[EventRounds "11"]
[EventCountry "ENG"]
[SourceTitle "BritBase"]
[Source "John Saunders"]
[SourceDate "2025.09.16"]
[SourceVersion "1"]
[SourceVersionDate "2025.09.16"]
[SourceQuality "1"]

1. d4 Nf6 2. Nf3 d5 3. Bg5 e6 4. e3 Be7 5. Bd3 Nbd7 6. Nbd2 O-O 7. c3 h6 8. Bh4 c5 9. O-O cxd4 10. exd4 Nh7 {(=)} 11. Bxe7 Qxe7 12. Bxh7+ Kxh7 13. Re1 b6 14. Ne5 Nxe5 15. Rxe5 f6 16. Re3 Qd6 17. Nf3 Bb7 18. Qd3+ Kg8 19. Rae1 Rad8 20. Qg6 Qd7 21. Nh4 Qf7 22. f4 Bc8 23. f5 Rfe8 24. fxe6 Rxe6 25. Rxe6 Bxe6 26. Qxf7+ Bxf7 27. Re7 Re8 28. Rxe8+ Bxe8 29. Nf5 Bd7 1/2-1/2

[Event "Smith & Williamson FIDE Rated"]
[Site "Witley"]
[Date "2001.07.16"]
[Round "2.15"]
[White "Farley, Andrew"]
[Black "Lutton, Josiah Ezra"]
[Result "1/2-1/2"]
[WhiteElo "1760"]
[BlackElo "2093"]
[PlyCount "35"]
[EventDate "2001.07.16"]
[EventType "swiss"]
[EventRounds "11"]
[EventCountry "ENG"]
[SourceTitle "BritBase"]
[Source "John Saunders"]
[SourceDate "2025.09.16"]
[SourceVersion "1"]
[SourceVersionDate "2025.09.16"]
[SourceQuality "1"]

1. e4 c5 2. Nf3 Nc6 3. d4 cxd4 4. Nxd4 e5 5. Nb5 d6 6. N1c3 a6 7. Na3 f5 8. Bd3 f4 9. g3 Nh6 10. Nd5 Nd4 11. Be2 Be6 12. c3 Bxd5 13. exd5 Qa5 14. Bf3 Nxf3+ 15. Qxf3 g5 16. Qe4 Be7 17. h4 Nf7 18. Bd2 1/2-1/2

[Event "Smith & Williamson FIDE Rated"]
[Site "Witley"]
[Date "2001.07.16"]
[Round "2.16"]
[White "Cooley, Oliver"]
[Black "Mycroft, Richard"]
[Result "1-0"]
[WhiteElo "2079"]
[BlackElo "1736"]
[PlyCount "77"]
[EventDate "2001.07.16"]
[EventType "swiss"]
[EventRounds "11"]
[EventCountry "ENG"]
[SourceTitle "BritBase"]
[Source "John Saunders"]
[SourceDate "2025.09.16"]
[SourceVersion "1"]
[SourceVersionDate "2025.09.16"]
[SourceQuality "1"]

1. e4 e6 2. d4 d5 3. e5 c5 4. c3 Nc6 5. Nf3 Qb6 6. Be2 cxd4 7. cxd4 Nh6 8. Nc3 Nf5 9. Bb5 Bd7 10. Bxc6 Bxc6 11. g4 Nh6 12. Rg1 Bb4 13. Bxh6 Bxc3+ 14. bxc3 gxh6 15. Qd2 Qa5 16. Rg3 Ke7 17. Ng1 Rag8 18. Qxh6 Rg6 19. Qf4 Rhg8 20. Ne2 Qa3 21. h3 b6 22. Qc1 Qxc1+ 23. Rxc1 Rc8 24. Nf4 Rgg8 25. Nh5 Bb5 26. Nf6 Rh8 27. Kd2 Rc4 28. a3 Ba4 {(=)} 29. Rb1 h6 30. Rb4 b5 31. Rg1 Rc6 32. f4 a5 33. Rb2 Rc4 34. h4 Rhc8 35. Rc1 R4c6 36. h5 R6c7 37. g5 Rh8 38. gxh6 Rxh6 39. Ng8+ 1-0

[Event "Smith & Williamson FIDE Rated"]
[Site "Witley"]
[Date "2001.07.16"]
[Round "2.17"]
[White "Wilson, Alexandra FV"]
[Black "Bridger, Michael J"]
[Result "1/2-1/2"]
[WhiteElo "1648"]
[BlackElo "2058"]
[PlyCount "38"]
[EventDate "2001.07.16"]
[EventType "swiss"]
[EventRounds "11"]
[EventCountry "ENG"]
[SourceTitle "BritBase"]
[Source "John Saunders"]
[SourceDate "2025.09.16"]
[SourceVersion "1"]
[SourceVersionDate "2025.09.16"]
[SourceQuality "1"]

1. e4 e6 2. d4 d5 3. e5 c5 4. c3 Nc6 5. Nf3 Bd7 6. a3 c4 7. Nbd2 Na5 8. g3 Bc6 9. Bg2 Qd7 10. O-O Ba4 11. Qe2 Nb3 12. Nxb3 Bxb3 13. Nd2 Qb5 14. Nxb3 Qxb3 15. Qd1 Qxd1 16. Rxd1 Ne7 17. Rb1 Rc8 18. b3 b6 19. Bf1 cxb3 1/2-1/2

[Event "Smith & Williamson FIDE Rated"]
[Site "Witley"]
[Date "2001.07.16"]
[Round "2.18"]
[White "Kelly, Alexandra"]
[Black "Rennie, John"]
[Result "0-1"]
[WhiteElo "1672"]
[BlackElo "2053"]
[PlyCount "58"]
[EventDate "2001.07.16"]
[EventType "swiss"]
[EventRounds "11"]
[EventCountry "ENG"]
[SourceTitle "BritBase"]
[Source "John Saunders"]
[SourceDate "2025.09.16"]
[SourceVersion "1"]
[SourceVersionDate "2025.09.16"]
[SourceQuality "1"]

1. e4 e6 2. d4 d5 3. Nc3 Bb4 4. e5 c5 5. Bd2 cxd4 6. Nb5 Bc5 7. b4 Bf8 8. Nxd4 Nc6 9. Nxc6 bxc6 10. f4 Nh6 11. Nf3 Nf5 12. Bd3 g6 13. Rb1 Qb6 14. c4 dxc4 15. Bxc4 Ne3 16. Qe2 Nxc4 17. Qxc4 Ba6 18. Qd4 Qb5 19. Qe3 Bc5 20. Qe4 Bb6 21. a3 Rd8 22. Rc1 O-O 23. Rc2 Rd5 24. Be3 Rfd8 25. Kf2 Rd2+ 26. Rxd2 Rxd2+ 27. Nxd2 Qe2+ 28. Kg3 Bxe3 29. Qxc6 Bf2+ 0-1

[Event "Smith & Williamson FIDE Rated"]
[Site "Witley"]
[Date "2001.07.16"]
[Round "2.19"]
[White "Antal, Agnes"]
[Black "Manton, Timothy"]
[Result "1/2-1/2"]
[WhiteElo "2043"]
[BlackElo "1664"]
[PlyCount "193"]
[EventDate "2001.07.16"]
[EventType "swiss"]
[EventRounds "11"]
[EventCountry "ENG"]
[SourceTitle "BritBase"]
[Source "John Saunders"]
[SourceDate "2025.09.16"]
[SourceVersion "1"]
[SourceVersionDate "2025.09.16"]
[SourceQuality "1"]

1. e4 d5 2. exd5 Nf6 3. Nc3 Nxd5 4. Bc4 Nb6 5. Bb3 Nc6 6. d3 Bf5 7. Be3 g6 8. a3 Bg7 9. Nge2 Qd7 10. Qd2 Be6 11. Bxe6 Qxe6 12. Bh6 O-O 13. Bxg7 Kxg7 14. O-O Rad8 15. Qf4 Qd6 16. Qf3 a6 17. Rfe1 Qf6 18. Qxf6+ Kxf6 19. Ne4+ Kg7 20. Nc5 Nd7 21. Nb3 Nf6 22. Nc3 e6 23. Rac1 b6 24. Kf1 Nd5 25. Ne4 Nf6 26. Ng5 Rd6 27. Nd2 h6 28. Ngf3 Rfd8 29. h3 Nd5 30. Nc4 R6d7 31. Nfe5 Nxe5 32. Nxe5 Rd6 33. Re4 Nf6 34. Re3 Rd5 35. Nc6 Ra8 36. Nb4 Rd6 37. Rce1 a5 38. Na2 Rad8 39. Nc3 Nd5 40. Nxd5 Rxd5 41. Re4 Rd4 42. R1e3 R8d5 43. Rxd4 Rxd4 44. c3 Rd5 45. Ke1 Rb5 46. Re2 Kf6 47. d4 Rg5 48. f4 Rg3 49. Kf2 Rd3 50. Re3 Rd2+ 51. Re2 Rd1 52. Ke3 Rh1 53. Ke4 h5 54. d5 Rd1 55. dxe6 Kxe6 56. Kf3+ Kf6 57. Ke4 Rg1 58. Kd5 Kf5 59. Kc6 Kxf4 60. Kxc7 b5 61. Kb6 Kg3 62. Kxb5 Rxg2 63. Rxg2+ Kxg2 64. c4 f5 65. c5 f4 66. c6 f3 67. c7 f2 68. c8=Q f1=Q+ 69. Kxa5 Qf5+ 70. Qxf5 gxf5 71. b4 f4 72. b5 f3 73. b6 f2 74. b7 f1=Q 75. b8=Q Kxh3 76. Qb3+ Kg4 77. Qb4+ Qf4 78. Qc3 {(=)} h4 79. Kb6 h3 80. Qg7+ Kf3 81. Qb7+ Kf2 82. Qh7 h2 83. Qc2+ Kf1 84. Qd3+ Kg2 85. Qg6+ Qg3 86. Qe4+ Qf3 87. Qg6+ Kf2 88. Qc2+ Kg1 89. Qc1+ Qf1 90. Qg5+ Qg2 91. Qc1+ Kf2 92. Qc2+ Kg3 93. Qg6+ Kf3 94. Qf5+ Ke2 95. Qc2+ Kf1 96. Qd1+ Kf2 97. Qd2+ 1/2-1/2

[Event "Smith & Williamson FIDE Rated"]
[Site "Witley"]
[Date "2001.07.17"]
[Round "3.1"]
[White "Bigg, Andrew J"]
[Black "Woodward, Timothy DM"]
[Result "0-1"]
[WhiteElo "2216"]
[BlackElo "2096"]
[PlyCount "62"]
[EventDate "2001.07.16"]
[EventType "swiss"]
[EventRounds "11"]
[EventCountry "ENG"]
[SourceTitle "BritBase"]
[Source "John Saunders"]
[SourceDate "2025.09.16"]
[SourceVersion "1"]
[SourceVersionDate "2025.09.16"]
[SourceQuality "1"]

1. Nf3 d5 2. c4 c6 3. b3 Bf5 4. Bb2 Nf6 5. g3 e6 6. Bg2 Be7 7. O-O O-O 8. d3 h6 9. Nbd2 a5 10. a3 Nbd7 11. Qc2 Bh7 12. Rfe1 Qb6 13. Qc3 Bc5 14. d4 Be7 15. c5 Qc7 16. Ne5 Nxe5 17. dxe5 Nd7 18. b4 {(=)} b6 19. Nb3 bxc5 20. Nxc5 Nxc5 21. bxc5 Rab8 22. Rac1 Rb5 23. e4 Rxc5 24. Qd2 Rxc1 25. Qxc1 Qb6 26. Qd2 Rb8 27. Bc1 Bxe4 28. Bxe4 dxe4 29. Rxe4 Qc5 30. h4 Qd5 31. Re1 Bc5 0-1

[Event "Smith & Williamson FIDE Rated"]
[Site "Witley"]
[Date "2001.07.17"]
[Round "3.2"]
[White "Churm, Rohan M"]
[Black "Rattray, Ross"]
[Result "1/2-1/2"]
[WhiteElo "2143"]
[BlackElo "2076"]
[PlyCount "42"]
[EventDate "2001.07.16"]
[EventType "swiss"]
[EventRounds "11"]
[EventCountry "ENG"]
[SourceTitle "BritBase"]
[Source "John Saunders"]
[SourceDate "2025.09.16"]
[SourceVersion "1"]
[SourceVersionDate "2025.09.16"]
[SourceQuality "1"]

1. d4 d5 2. c4 c6 3. Nf3 Nf6 4. e3 e6 5. Nc3 Nbd7 6. Bd3 dxc4 7. Bxc4 b5 8. Bd3 Bb7 9. O-O a6 10. e4 b4 11. e5 bxc3 12. exf6 Nxf6 13. bxc3 Bd6 14. Rb1 Rb8 15. Qa4 Nd7 16. Be3 Qc8 17. c4 c5 18. dxc5 Bc6 19. Rxb8 Bxb8 20. Qc2 Bxf3 21. gxf3 Nxc5 1/2-1/2

[Event "Smith & Williamson FIDE Rated"]
[Site "Witley"]
[Date "2001.07.17"]
[Round "3.3"]
[White "Rendle, Thomas E"]
[Black "Ekeberg, Carl Fredrik"]
[Result "1-0"]
[WhiteElo "2129"]
[BlackElo "2117"]
[PlyCount "71"]
[EventDate "2001.07.16"]
[EventType "swiss"]
[EventRounds "11"]
[EventCountry "ENG"]
[SourceTitle "BritBase"]
[Source "John Saunders"]
[SourceDate "2025.09.16"]
[SourceVersion "1"]
[SourceVersionDate "2025.09.16"]
[SourceQuality "1"]

1. e4 c5 2. Nf3 Nc6 3. Bb5 g6 4. O-O Bg7 5. Bxc6 dxc6 6. d3 e5 7. Be3 Qe7 8. h3 Nf6 9. Nc3 O-O 10. a3 Ne8 11. Rb1 Nc7 12. b4 cxb4 13. axb4 b6 14. Bc1 Ne6 15. Ne2 Rd8 16. Bb2 Qc7 17. Qc1 Bb7 18. Ng5 Nxg5 19. Qxg5 h6 20. Qg3 c5 21. bxc5 Qxc5 22. Bc3 Rdc8 23. Kh1 b5 24. f4 exf4 25. Qxf4 Qe7 26. Bxg7 Kxg7 27. Nd4 a6 28. Rf3 Rf8 29. Rbf1 Rad8 30. c3 Rc8 31. Qg4 Kh8 32. Rf6 Rc5 33. Qf4 Bc8 34. Qxh6+ Kg8 35. Qh4 Qc7 36. Nf5 1-0

[Event "Smith & Williamson FIDE Rated"]
[Site "Witley"]
[Date "2001.07.17"]
[Round "3.4"]
[White "Martyn, Rafe"]
[Black "Dorrington, Christopher"]
[Result "1/2-1/2"]
[WhiteElo "2126"]
[BlackElo "2161"]
[PlyCount "85"]
[EventDate "2001.07.16"]
[EventType "swiss"]
[EventRounds "11"]
[EventCountry "ENG"]
[SourceTitle "BritBase"]
[Source "John Saunders"]
[SourceDate "2025.09.16"]
[SourceVersion "1"]
[SourceVersionDate "2025.09.16"]
[SourceQuality "1"]

1. d4 d5 2. c4 dxc4 3. e3 Nf6 4. Bxc4 c5 5. Nf3 e6 6. O-O Nc6 7. dxc5 Qxd1 8. Rxd1 Bxc5 9. Nbd2 O-O 10. b3 a6 11. Bb2 Be7 12. Be2 b5 13. a4 bxa4 14. Rxa4 a5 {(=)} 15. Nc4 Ba6 16. Nfd2 Bb5 17. Raa1 Rfd8 18. Bf3 Bb4 19. Na3 Bxa3 20. Bxa3 a4 21. Bb2 axb3 {(=)} 22. Rxa8 Rxa8 23. Nxb3 Rd8 24. Rxd8+ Nxd8 25. Bxf6 gxf6 26. Nd4 Bd7 27. Be4 f5 28. Bc2 Kg7 29. f4 Nc6 30. Nf3 Ne7 31. Kf2 Ng8 32. h3 Nf6 33. g3 Bc6 34. Nd2 Bb7 {(=)} 35. Ke1 Bg2 36. h4 Bb7 37. Bd1 Bc6 38. Be2 Bb7 39. Nf1 Bc6 40. Kf2 Ne4+ 41. Kg1 Nf6 42. Nh2 Bb7 43. g4 1/2-1/2

[Event "Smith & Williamson FIDE Rated"]
[Site "Witley"]
[Date "2001.07.17"]
[Round "3.5"]
[White "Payne, Robert"]
[Black "Nixon, Thomas"]
[Result "1/2-1/2"]
[WhiteElo "1688"]
[BlackElo "2137"]
[PlyCount "79"]
[EventDate "2001.07.16"]
[EventType "swiss"]
[EventRounds "11"]
[EventCountry "ENG"]
[SourceTitle "BritBase"]
[Source "John Saunders"]
[SourceDate "2025.09.16"]
[SourceVersion "1"]
[SourceVersionDate "2025.09.16"]
[SourceQuality "1"]

1. d4 Nf6 2. Nf3 e6 3. Bg5 Be7 4. Nbd2 d5 5. e3 Nbd7 6. Bd3 O-O 7. O-O b6 8. Ne5 Nxe5 9. dxe5 Nd7 10. Bxe7 Qxe7 11. f4 f5 12. c3 Bb7 13. Qe2 c5 14. c4 d4 15. Nf3 dxe3 16. Qxe3 Rad8 17. Rad1 Nb8 18. Be2 Nc6 19. Qc3 h6 20. Qe3 Kh7 21. h4 g6 22. g3 Ba8 23. Qf2 Rxd1 24. Rxd1 Rd8 25. Rxd8 Qxd8 26. Bf1 Kg7 27. Bg2 Nb4 28. a3 Qd1+ 29. Qf1 Bxf3 30. Bxf3 Qd4+ 31. Qf2 Nd3 32. Qxd4 cxd4 33. b4 a5 34. bxa5 bxa5 35. Kf1 Nc5 36. Ke2 h5 37. Kd2 {(=)} Kf7 38. Bc6 Ke7 39. Ke2 Kd8 40. Kd2 1/2-1/2

[Event "Smith & Williamson FIDE Rated"]
[Site "Witley"]
[Date "2001.07.17"]
[Round "3.6"]
[White "Winkworth, Julian"]
[Black "Deva, Chetan"]
[Result "1/2-1/2"]
[WhiteElo "1904"]
[BlackElo "2128"]
[PlyCount "94"]
[EventDate "2001.07.16"]
[EventType "swiss"]
[EventRounds "11"]
[EventCountry "ENG"]
[SourceTitle "BritBase"]
[Source "John Saunders"]
[SourceDate "2025.09.16"]
[SourceVersion "1"]
[SourceVersionDate "2025.09.16"]
[SourceQuality "1"]

1. e4 c5 2. Nf3 Nc6 3. Bd3 g6 4. c3 d5 5. O-O Bg7 6. Bc2 dxe4 7. Bxe4 Qc7 8. d4 Nf6 9. Bxc6+ Qxc6 10. dxc5 Qxc5 11. Be3 Qc7 12. h3 O-O 13. Na3 a6 14. Qe2 b5 15. Rad1 Bb7 16. c4 bxc4 17. Qxc4 Qxc4 18. Nxc4 Rac8 19. b3 Nd5 20. Bd4 Nf4 21. Bxg7 Kxg7 22. Kh2 Rfd8 23. Rfe1 Kf8 24. Rxd8+ Rxd8 25. Kg3 Nh5+ 26. Kh2 f6 27. Re6 Rd3 28. Re3 Rd1 29. Re2 Nf4 30. Rd2 Ra1 31. Nb6 g5 32. Nd7+ Kf7 33. Nc5 Bc8 34. Nd4 h5 35. Ne2 Ng6 36. Nc3 a5 37. Nd5 Ne5 38. Nb6 Bf5 39. Nb7 Nc6 40. Nc4 a4 41. bxa4 Be6 42. Nca5 Nxa5 43. Nd8+ Ke8 44. Nxe6 Nc4 45. Rc2 Na3 46. Rd2 Nc4 47. Rc2 Na3 1/2-1/2

[Event "Smith & Williamson FIDE Rated"]
[Site "Witley"]
[Date "2001.07.17"]
[Round "3.7"]
[White "Hughes, Andrew"]
[Black "Khoo, Teresa"]
[Result "1/2-1/2"]
[WhiteElo "2043"]
[BlackElo "1688"]
[PlyCount "100"]
[EventDate "2001.07.16"]
[EventType "swiss"]
[EventRounds "11"]
[EventCountry "ENG"]
[SourceTitle "BritBase"]
[Source "John Saunders"]
[SourceDate "2025.09.16"]
[SourceVersion "1"]
[SourceVersionDate "2025.09.16"]
[SourceQuality "1"]

1. e4 c5 2. d4 cxd4 3. c3 dxc3 4. Nxc3 Nc6 5. Bc4 d6 6. Nf3 a6 7. O-O e6 8. Bf4 Nf6 9. Qe2 Be7 10. Rfd1 Qc7 11. Rac1 O-O 12. a3 Rd8 13. b4 Qb8 14. b5 Na5 15. Ba2 b6 16. h3 Nd7 17. e5 d5 18. Nd4 Bxa3 19. Ra1 Bc5 20. Qh5 Nf8 21. Nf3 Qc7 22. Rac1 Bb7 23. Ng5 h6 24. Nf3 Ng6 25. Bh2 Qe7 26. Ne2 axb5 27. Bb1 Nc4 28. Bxg6 fxg6 29. Qxg6 Ra2 30. Ned4 Qe8 31. Qg4 Bc8 32. Bf4 Kh7 33. Qh4 Be7 34. Bg5 Bxg5 35. Nxg5+ Kg8 36. Ngxe6 Bxe6 37. Nxe6 Rd7 38. Nd4 Qxe5 39. Nxb5 Re2 40. Nc3 Rd2 41. Rxd2 Nxd2 42. Qb4 Nf3+ 43. Kf1 Qh2 44. Rd1 Qh1+ 45. Ke2 Qxg2 46. Rd3 Ng1+ 47. Ke3 Nxh3 48. Nd1 Qg1 49. Ke2 Ng5 50. Qd4 Qg2 1/2-1/2

[Event "Smith & Williamson FIDE Rated"]
[Site "Witley"]
[Date "2001.07.17"]
[Round "3.8"]
[White "Bjerke, Silje"]
[Black "Boztas, Kenan"]
[Result "1-0"]
[WhiteElo "2029"]
[BlackElo "2051"]
[PlyCount "83"]
[EventDate "2001.07.16"]
[EventType "swiss"]
[EventRounds "11"]
[EventCountry "ENG"]
[SourceTitle "BritBase"]
[Source "John Saunders"]
[SourceDate "2025.09.16"]
[SourceVersion "1"]
[SourceVersionDate "2025.09.16"]
[SourceQuality "1"]

1. d4 Nf6 2. c4 g6 3. Nc3 d5 4. g3 Bg7 5. Bg2 dxc4 6. Qa4+ Nfd7 7. e3 O-O 8. Qxc4 e5 9. d5 Nb6 10. Qb3 Kh8 11. e4 f5 12. Nge2 c6 13. dxc6 Nxc6 14. O-O fxe4 15. Nxe4 Bg4 16. f3 Bf5 17. Bg5 Qc7 18. N2c3 Nd4 19. Qd1 h6 20. Be3 Nc4 21. Bc1 Rad8 22. Kh1 Be6 23. b3 Nxf3 24. Qc2 Nd4 25. Rxf8+ Rxf8 26. Qd3 Nb6 27. Bb2 Qc8 28. Nd6 Qd7 29. Nxb7 Bh3 30. Nc5 Qg4 31. N3e4 Nd5 32. Rf1 Bxg2+ 33. Kxg2 Rxf1 34. Kxf1 Qh3+ 35. Kg1 Qf5 36. Nd2 Qg4 37. Bxd4 exd4 38. Nf3 Nf4 39. Qe4 Nh3+ {(=)} 40. Kg2 Qc8 41. Qxg6 Qxc5 42. Kxh3 {Time} 1-0

[Event "Smith & Williamson FIDE Rated"]
[Site "Witley"]
[Date "2001.07.17"]
[Round "3.10"]
[White "Williams, Samuel G"]
[Black "Cooley, Oliver"]
[Result "1/2-1/2"]
[WhiteElo "1696"]
[BlackElo "2079"]
[PlyCount "70"]
[EventDate "2001.07.16"]
[EventType "swiss"]
[EventRounds "11"]
[EventCountry "ENG"]
[SourceTitle "BritBase"]
[Source "John Saunders"]
[SourceDate "2025.09.16"]
[SourceVersion "1"]
[SourceVersionDate "2025.09.16"]
[SourceQuality "1"]

1. e4 d5 2. exd5 Qxd5 3. Nc3 Qa5 4. d4 Nf6 5. Bd3 c6 6. Nf3 Bg4 7. h3 Bh5 8. g4 Bg6 9. Ne5 Nbd7 10. f4 Bxd3 11. Qxd3 e6 12. g5 Nd5 13. O-O Bb4 14. Ne4 f5 15. gxf6 N7xf6 16. Ng5 Nc7 17. f5 exf5 18. Rxf5 Qa6 19. c4 Rf8 20. Ngf7 Be7 21. Bg5 Ne6 22. Rxf6 gxf6 23. Bxf6 Rxf7 24. Nxf7 Bxf6 25. Nd6+ Kd7 26. Qxh7+ Be7 27. Nf5 Re8 28. b3 Qb6 29. Re1 Qb4 30. Re3 Nc7 31. Qf7 Kd8 32. c5 Bxc5 33. Rxe8+ Nxe8 34. dxc5 Qxc5+ 35. Kg2 Qd5+ 1/2-1/2